000 00882nam a2200289Ia 4500
003 OSt
005 20260217163325.0
008 210210b2008 xxu||||| |||| 00| 0 eng d
020 _a9788190661744
040 _cAL
041 _aHindi
082 _aH891.3 BASJ
100 _aBASAVARAJ SADAR
_dबसवराज सदर
_9255412
245 _aJurmana: Kannad kahani sangrah ka hindi rupantar
_b जुर्मना कन्नड़ कहानी संग्रह का हिंदी रूपान्तर
260 _aKanpur
_bAman Prakashan
_c2008
300 _a76
650 _asangrah
_9255413
650 _arupantar
_9255414
650 _aKannad
_9255415
650 _akahani
_9255416
650 _aka
_9255417
650 _aJurmana
_9255418
650 _ahindi
_9255419
690 _aHindi Fiction
_9255420
906 _a063521
942 _2ddc
_cBK
999 _c136859
_d136859